| 000 | 01266naa a22003497a 4500 | ||
|---|---|---|---|
| 001 | BR8104737 | ||
| 003 | BR-BrBNA | ||
| 005 | 20240918174758.0 | ||
| 007 | ta | ||
| 008 | 230509b bl.||||| |||| 00| 0 por d | ||
| 040 |
_aBR-BrBNA _bpor _cBiblioteca Nacional de Agricultura |
||
| 041 | _a(Pt) | ||
| 072 |
_aF25; E15; E70 _b3830 _b3840 _bG514 |
||
| 090 | _aF25 BR8104737 | ||
| 100 | 1 | _aVillas Boas, R. | |
| 111 | 1 |
_a2. Encontro Nacional de Rocha Fosfatica _cBrasilia, DF (Brazil) _d8 Apr 1981 |
|
| 245 | 1 | _aPerspectivas tecnologicas no aproveitamento do fosfogesso [Fertilizante fosfatado; Corretivo; Gesso; Fosforo; Tecnologia agricola; Brasil] | |
| 260 | 3 |
_aRio de Janeiro, RJ (Brasil): _c1981. |
|
| 500 | _a2. Encontro Nacional de Rocha Fosfatica Rio de Janeiro, RJ (Brasil): 1981. p. 123-139 (BR8104737-AM)F25 | ||
| 650 | _aFERTILIDADE DO SOLO | ||
| 650 | _aFERTILIZANTE FOSFATADO | ||
| 650 | _aCORRETIVO | ||
| 650 | _aGESSO | ||
| 650 | _aIMPORTACAO | ||
| 650 | _aFOSFORO | ||
| 650 | _aTECNOLOGIA AGRICOLA | ||
| 650 | _aCUSTO DE PRODUCAO | ||
| 650 | _aVENDA | ||
| 773 | 0 |
_t2. Encontro Nacional de Rocha Fosfatica _wF25 BR8104737 _gRio de Janeiro, RJ (Brasil), 1981. p. 123-139 |
|
| 909 |
_a202404 _bLucia _c55 _dLucia Elande |
||
| 942 |
_cAM _2AGRIS |
||
| 999 |
_c313530 _d313530 |
||